<?xml version="1.0" encoding="UTF-8"?><?xml-stylesheet type="text/xsl" href="static/style.xsl"?><OAI-PMH xmlns="http://www.openarchives.org/OAI/2.0/" xmlns:xsi="http://www.w3.org/2001/XMLSchema-instance" xsi:schemaLocation="http://www.openarchives.org/OAI/2.0/ http://www.openarchives.org/OAI/2.0/OAI-PMH.xsd"><responseDate>2026-04-14T07:28:16Z</responseDate><request verb="GetRecord" identifier="oai:www.recercat.cat:2072/419512" metadataPrefix="marc">https://recercat.cat/oai/request</request><GetRecord><record><header><identifier>oai:recercat.cat:2072/419512</identifier><datestamp>2025-04-25T19:58:04Z</datestamp><setSpec>com_2072_98</setSpec><setSpec>col_2072_378196</setSpec></header><metadata><record xmlns="http://www.loc.gov/MARC21/slim" xmlns:dcterms="http://purl.org/dc/terms/" xmlns:xsi="http://www.w3.org/2001/XMLSchema-instance" xmlns:doc="http://www.lyncode.com/xoai" xsi:schemaLocation="http://www.loc.gov/MARC21/slim http://www.loc.gov/standards/marcxml/schema/MARC21slim.xsd">
   <leader>00925njm 22002777a 4500</leader>
   <datafield ind2=" " ind1=" " tag="042">
      <subfield code="a">dc</subfield>
   </datafield>
   <datafield ind2=" " ind1=" " tag="720">
      <subfield code="a">Martín Moreno, Alberto</subfield>
      <subfield code="e">author</subfield>
   </datafield>
   <datafield ind2=" " ind1=" " tag="720">
      <subfield code="a">Universitat Autònoma de Barcelona. Escola Tècnica Superior d'Enginyeria</subfield>
      <subfield code="e">author</subfield>
   </datafield>
   <datafield ind2=" " ind1=" " tag="720">
      <subfield code="a">Universitat Autònoma de Barcelona. Escola d'Enginyeria</subfield>
      <subfield code="e">author</subfield>
   </datafield>
   <datafield ind2=" " ind1=" " tag="260">
      <subfield code="c">2007</subfield>
   </datafield>
   <datafield ind2=" " ind1=" " tag="520">
      <subfield code="a">Aquest projecte és una eina per a la gestió avançada del Comitè Tècnic d'Àrbitres de Futbol Sala de Catalunya. Creant una base de dades forta i robusta com la que ens proporciona la tecnologia ORACLE, i agafant APEX com a gestor de continguts de la base de dades, hem creat una aplicació per realitzar l'assignació d'arbitratges i altres recursos d'una manera intel·ligent i equitativa.</subfield>
   </datafield>
   <datafield ind2=" " ind1=" " tag="520">
      <subfield code="a">Este proyecto es una herramienta de gestión avanzada para el Comité Técnico de Árbitros de Fútbol Sala de Catalunya. Creando una base de datos fuerte y robusta como la que nos proporciona la tecnología ORACLE, y tomando APEX como gestor de contenidos de la base de datos, hemos elaborado una aplicación para realizar una asignación de arbitrajes y otros recursos de una manera inteligente y equitativa.</subfield>
   </datafield>
   <datafield ind2=" " ind1=" " tag="520">
      <subfield code="a">This project is a tool for the advanced management of the Catalonia Futsal Referee Technical Committee. Designing a strong database with ORACLE technology, and having APEX as the content manager of the database, we have created a fair and intelligent application for the refereeing assignment and other resources.</subfield>
   </datafield>
   <datafield tag="653" ind2=" " ind1=" ">
      <subfield code="a">Futbol Competicions Programes d'ordinador</subfield>
   </datafield>
   <datafield tag="653" ind2=" " ind1=" ">
      <subfield code="a">Arbitratge (Esport) Programes d'ordinador</subfield>
   </datafield>
   <datafield tag="653" ind2=" " ind1=" ">
      <subfield code="a">Arbitratge (Esport) Gestió</subfield>
   </datafield>
   <datafield ind2="0" ind1="0" tag="245">
      <subfield code="a">Gestor intel·ligent d'assignació de recursos</subfield>
   </datafield>
</record></metadata></record></GetRecord></OAI-PMH>